[Event "38th Reykjavik op"]
[Site "Reykjavik ISL"]
[Date "2025.04.10"]
[Round "3.187"]
[White "Pearce, Tim"]
[Black "Fisker, Bo Top"]
[WhiteElo "1762"]
[BlackElo "1451"]
[Result "1-0"]
[EventDate "2025.04.09"]
[PlyCount "125"]

1. d4 d6 2. c4 g6 3. Nc3 Bg7 4. e4 Nf6 5. f3 O-O 6. Bg5 e5 7. dxe5 dxe5 8. Qxd8
Rxd8 9. Nd5 Nbd7 10. Nxc7 Rb8 11. O-O-O b6 12. Nd5 Bb7 13. Ne2 h6 14. Bh4 g5
15. Bf2 Nxd5 16. cxd5 Rbc8+ 17. Kb1 Ba6 18. Ng3 Bxf1 19. Rhxf1 Bf8 20. Nf5 Nc5
21. h4 f6 22. hxg5 fxg5 23. Rh1 Kh7 24. Bxc5 Rxc5 25. Rh5 Rdc8 26. d6 Kg6 27.
g4 Rd8 28. Rc1 Kf6 29. Rxc5 bxc5 30. Kc2 Rd7 31. b3 Ke6 32. Kc3 Rd8 33. Kc4 Rc8
34. Rh1 a6 35. Rd1 Rd8 36. Kxc5 Rc8+ 37. Kb6 Kd7 38. Kb7 Rc2 39. Rd5 Rc6 40. b4
Rc4 41. a3 Rc6 42. Rc5 Rxd6 43. Nxd6 Bxd6 44. Rd5 Ke6 45. Rxd6+ Kxd6 46. Kxa6
Kc7 47. a4 Kc6 48. a5 Kc7 49. Kb5 Kb7 50. Kc5 Ka6 51. Kd5 Kb5 52. Kxe5 Kxb4 53.
a6 h5 54. gxh5 g4 55. fxg4 Kb5 56. a7 Kc4 57. a8=Q Kd3 58. Qd5+ Ke3 59. Qd4+
Kf3 60. Kf5 Ke2 61. Kf4 Ke1 62. Kf3 Kf1 63. Qf2# 1-0

[Event "38th Reykjavik op"]
[Site "Reykjavik ISL"]
[Date "2025.04.10"]
[Round "3.188"]
[White "Urbaniak, Andreas"]
[Black "Arnarson, Erlingur"]
[WhiteElo "1754"]
[BlackElo "1438"]
[Result "1/2-1/2"]
[EventDate "2025.04.09"]
[PlyCount "64"]

1. e4 d5 2. exd5 Qxd5 3. Nc3 Qa5 4. d4 c6 5. Nf3 Qc7 6. h3 Nf6 7. Bd3 e6 8. O-O
Bd6 9. Re1 Bd7 10. Bd2 c5 11. dxc5 Bxc5 12. Ne5 Nc6 13. Nxd7 Kxd7 14. Bb5 Bd6
15. Bf4 Ke7 16. Bxd6+ Qxd6 17. Qxd6+ Kxd6 18. Rad1+ Kc7 19. Bxc6 Kxc6 20. b4
Rad8 21. a4 Kc7 22. Nb5+ Kb8 23. Nd6 Rd7 24. Rd4 Nd5 25. Nb5 a6 26. Nc3 Rhd8
27. Red1 Nf6 28. Rxd7 Rxd7 29. Rxd7 Nxd7 30. Ne4 f6 31. a5 Kc7 32. Kf1 Kc6
1/2-1/2

[Event "38th Reykjavik op"]
[Site "Reykjavik ISL"]
[Date "2025.04.10"]
[Round "3.191"]
[White "Patel, Parisa"]
[Black "Smarason, Kristjan Ingi"]
[WhiteElo "1498"]
[BlackElo "1714"]
[Result "0-1"]
[EventDate "2025.04.09"]
[PlyCount "112"]

1. e4 c5 2. Nf3 d6 3. Bb5+ Bd7 4. Bxd7+ Qxd7 5. O-O Nc6 6. c3 Nf6 7. Re1 g6 8.
d4 cxd4 9. cxd4 Bg7 10. Nc3 O-O 11. Bg5 Rac8 12. Rc1 a6 13. Qd2 Rfd8 14. Bh6
Bh8 15. b3 b5 16. d5 Ne5 17. Nxe5 dxe5 18. h3 Rc7 19. f4 exf4 20. Qxf4 Rxc3 21.
Rxc3 Nxd5 22. Rd3 Nxf4 23. Rxd7 Nxh3+ 24. gxh3 Rxd7 25. Rc1 Rd8 26. Rc6 Ra8 27.
Kg2 Bg7 28. Bf4 Kf8 29. Rb6 Ke8 30. Kf3 Bd4 31. Rb7 Rc8 32. Rb8 Rxb8 33. Bxb8
e5 34. Kg4 Ke7 35. Kg5 Be3+ 36. Kg4 Ke6 37. Kf3 Bc5 38. Kg4 f5+ 39. Kf3 f4 40.
Bc7 Bd4 41. Bb8 Kd7 42. a3 a5 43. Ke2 g5 44. Kf3 h5 45. a4 bxa4 46. bxa4 Kc6
47. Kg2 g4 48. hxg4 hxg4 49. Kf1 f3 50. Ke1 g3 51. Kf1 g2+ 52. Ke1 g1=Q+ 53.
Kd2 Qe3+ 54. Kc2 Qc3+ 55. Kd1 Be3 56. Bxe5 Qd2# 0-1

[Event "38th Reykjavik op"]
[Site "Reykjavik ISL"]
[Date "2025.04.10"]
[Round "3.192"]
[White "Ishitsu, Mike"]
[Black "Birgisson, Hilmar Freyr"]
[WhiteElo "1486"]
[BlackElo "1706"]
[Result "1-0"]
[EventDate "2025.04.09"]
[PlyCount "113"]

1. e4 c5 2. Nf3 Nc6 3. Bb5 g6 4. Bxc6 bxc6 5. O-O Bg7 6. Re1 d6 7. e5 dxe5 8.
Nxe5 Qc7 9. Qe2 Bb7 10. d3 Nf6 11. Bf4 Nd5 12. Bg3 Qd8 13. Nd2 O-O 14. a4 e6
15. Ndc4 Ne7 16. a5 Nf5 17. a6 Nxg3 18. hxg3 Bc8 19. Nxc6 Qd7 20. N6e5 Qd5 21.
Qe4 Qxe4 22. Rxe4 f6 23. Nf3 Bd7 24. Ra5 Rac8 25. Nfd2 e5 26. Nb3 Bf5 27. Re1
Rc6 28. Nxc5 Rfc8 29. b4 Bf8 30. Rb1 Be7 31. Nb7 e4 32. b5 exd3 33. bxc6 dxc2
34. Rc1 Rxc6 35. Ne3 Bb4 36. Nxf5 gxf5 37. Ra2 Bf8 38. Rcxc2 Rb6 39. Rc7 h5 40.
Nd8 Rd6 41. Nc6 h4 42. gxh4 Rd1+ 43. Kh2 Bd6+ 44. g3 Bxc7 45. Nxa7 Bb6 46. Nc8
Bxf2 47. Rxf2 Ra1 48. a7 Kf7 49. Rxf5 Ke6 50. Rb5 f5 51. Rb8 Ra2+ 52. Kh3 Kd7
53. a8=Q Rc2 54. Qa4+ Rc6 55. Rb7+ Kd8 56. Qxc6 f4 57. Qd7# 1-0

[Event "38th Reykjavik op"]
[Site "Reykjavik ISL"]
[Date "2025.04.10"]
[Round "3.193"]
[White "Dickson, Eric"]
[Black "Halldorsson, Karma"]
[WhiteElo "1475"]
[BlackElo "1654"]
[Result "1-0"]
[EventDate "2025.04.09"]
[PlyCount "81"]

1. d4 f5 2. Nf3 Nf6 3. e3 g6 4. Bd3 Bg7 5. Nbd2 O-O 6. b4 d6 7. Bb2 c6 8. c4
Nbd7 9. O-O Re8 10. Re1 e5 11. e4 f4 12. dxe5 dxe5 13. c5 Ng4 14. Nc4 Qe7 15.
h3 Nh6 16. Qb3 Kh8 17. Rad1 Nf7 18. Rd2 Ng5 19. Be2 Nxe4 20. Rd3 Ng5 21. Nxg5
Qxg5 22. Bg4 Nf6 23. Bxc8 Raxc8 24. Rxe5 Qh4 25. Re1 Nd5 26. Bxg7+ Kxg7 27. Nd6
Rcd8 28. Qb2+ Kg8 29. Nxb7 Rc8 30. Rxe8+ Rxe8 31. Qb1 Re2 32. Rf3 Qg5 33. Nd6
Ne3 34. Qb3+ Kg7 35. Qf7+ Kh6 36. Rxe3 f3 37. Qxf3 Rxe3 38. Nf7+ Kg7 39. Nxg5
Rxf3 40. Nxf3 Kf6 41. Nd4 1-0

[Event "38th Reykjavik op"]
[Site "Reykjavik ISL"]
[Date "2025.04.10"]
[Round "3.195"]
[White "Thorhallsson, Gunnar Thor"]
[Black "Leosson, Tomas Sindri"]
[WhiteElo "1416"]
[BlackElo "1638"]
[Result "0-1"]
[EventDate "2025.04.09"]
[PlyCount "62"]

1. e4 c6 2. d4 d5 3. e5 c5 4. c3 Nc6 5. Nf3 Bg4 6. Bb5 e6 7. O-O Nge7 8. h3
Bxf3 9. Qxf3 Nf5 10. c4 Nfxd4 11. Bxc6+ bxc6 12. Qd3 Be7 13. b4 Nf5 14. cxd5
O-O 15. bxc5 Bxc5 16. dxc6 Qxd3 17. a4 Ng3 18. Re1 Ne2+ 19. Kh1 Nxc1 20. Rxc1
Bxf2 21. Ra3 Qd5 22. Rf3 Bb6 23. Nc3 Qxe5 24. Nb5 Bc7 25. Nxc7 Qxc7 26. Rb3
Rab8 27. Rxb8 Rxb8 28. Kg1 Rb2 29. Rc5 Rb6 30. a5 Rxc6 31. Rxc6 Qxc6 0-1

[Event "38th Reykjavik op"]
[Site "Reykjavik ISL"]
[Date "2025.04.11"]
[Round "4.97"]
[White "Boissonnier, Kimo"]
[Black "Martin, Alix"]
[WhiteElo "2019"]
[BlackElo "1807"]
[Result "1/2-1/2"]
[EventDate "2025.04.09"]
[PlyCount "81"]

1. d4 d5 2. Nc3 Nf6 3. Bf4 c6 4. e3 Bf5 5. Nf3 Nh5 6. Bxb8 Rxb8 7. Ne5 Nf6 8.
g4 Bc8 9. Qf3 h6 10. h4 Be6 11. Bd3 Nd7 12. Ng6 Rg8 13. Nf4 g5 14. hxg5 Rxg5
15. Nxe6 fxe6 16. Rh5 Nf6 17. Rxg5 hxg5 18. O-O-O Qd6 19. Ne2 Bg7 20. e4 dxe4
21. Bxe4 Nxe4 22. Qxe4 Kd7 23. Ng3 Qf4+ 24. Qxf4 gxf4 25. Ne2 f3 26. Ng1 Rf8
27. Rd3 Rf4 28. Nxf3 Rxg4 29. Kd2 Kd6 30. Ke2 Re4+ 31. Re3 Rxe3+ 32. fxe3 e5
33. Kd3 exd4 34. exd4 e5 35. dxe5+ Bxe5 36. Nd2 b5 37. b3 Kc5 38. c3 a5 39.
Ne4+ Kb6 40. Nd2 Bg7 41. Ne4 1/2-1/2

[Event "38th Reykjavik op"]
[Site "Reykjavik ISL"]
[Date "2025.04.11"]
[Round "4.131"]
[White "Van Meter, Lester"]
[Black "Roubert, Emile"]
[WhiteElo "1857"]
[BlackElo "2050"]
[Result "0-1"]
[EventDate "2025.04.09"]
[PlyCount "56"]

1. c4 e6 2. Nf3 d5 3. g3 d4 4. Bg2 c5 5. d3 Nc6 6. e3 h6 7. exd4 cxd4 8. O-O
Nf6 9. Re1 Bd6 10. Na3 O-O 11. Nc2 a5 12. Ncxd4 Nxd4 13. Nxd4 Bb4 14. Nb5 Bxe1
15. Qxe1 Bd7 16. Bxb7 Rb8 17. Bg2 Bxb5 18. cxb5 Rxb5 19. Bd2 Rxb2 20. Bxa5 Qxd3
21. a4 Rfb8 22. Bf1 Qf5 23. Bc3 Rb1 24. Qd2 Ne4 25. Qd4 e5 26. Rxb1 Rxb1 27.
Qd8+ Kh7 28. Qd3 Qxf2+ 0-1

[Event "38th Reykjavik op"]
[Site "Reykjavik ISL"]
[Date "2025.04.11"]
[Round "4.164"]
[White "Balyan, Vardan"]
[Black "Dembele, Marcel"]
[WhiteElo "1621"]
[BlackElo "1837"]
[Result "1/2-1/2"]
[EventDate "2025.04.09"]
[PlyCount "52"]

1. b3 e5 2. Bb2 Nc6 3. e3 Nf6 4. Nf3 e4 5. Nd4 Bc5 6. Nxc6 dxc6 7. d4 Be7 8. c4
Bf5 9. Nc3 Qd7 10. Be2 O-O-O 11. O-O h5 12. b4 Ng4 13. Qa4 Kb8 14. b5 Qd6 15.
g3 h4 16. bxc6 bxc6 17. c5 Qh6 18. Ba6 Bc8 19. Rab1 Ka8 20. d5 Nxh2 21. Bxc8
hxg3 22. Qxc6+ Qxc6 23. dxc6 Rxc8 24. Nxe4 Nxf1 25. Rxf1 f5 26. Nd2 Bxc5 {
unreadable scoresheets} 1/2-1/2

[Event "38th Reykjavik op"]
[Site "Reykjavik ISL"]
[Date "2025.04.11"]
[Round "4.170"]
[White "Mlynek, Maksymilian"]
[Black "Gudbrandsson, Thor Jokull"]
[WhiteElo "1798"]
[BlackElo "1622"]
[Result "0-1"]
[EventDate "2025.04.09"]
[PlyCount "108"]

1. d4 Nf6 2. Nc3 d5 3. Bf4 g6 4. e3 Bg7 5. Be2 a6 6. h4 h5 7. Nf3 Bg4 8. Ne5
Bxe2 9. Qxe2 Nbd7 10. f3 c5 11. O-O-O e6 12. g4 Rc8 13. g5 Ng8 14. Nxd7 Qxd7
15. Qh2 cxd4 16. exd4 Ne7 17. Be5 Bxe5 18. dxe5 Qc7 19. Rhe1 O-O 20. Kb1 Nf5
21. Qf2 b5 22. a3 Rb8 23. Rd3 Rfc8 24. Na2 a5 25. Rc3 Qb7 26. Rb3 Rc4 27. f4
Qc7 28. Rd1 Qb6 29. Qh2 Ne3 30. Rc1 Nf5 31. Rd3 Rd4 32. Rcd1 Rxd3 33. Rxd3 Rc8
34. b3 Kg7 35. Kb2 Qc5 36. Qd2 a4 37. Rc3 Qf8 38. Rxc8 Qxc8 39. Qf2 d4 40. Kb1
Qc6 41. Kb2 Qh1 42. Nb4 Qxh4 43. Qd2 Qg3 44. Nd3 h4 45. Qa5 h3 46. Qd8 h2 47.
Qf6+ Kg8 48. Qd8+ Kh7 49. Qd7 Kg7 50. Qd8 h1=Q 51. Qf6+ Kg8 52. Qd8+ Kh7 53.
Qf6 Qb7 54. b4 Qe7 0-1

[Event "38th Reykjavik op"]
[Site "Reykjavik ISL"]
[Date "2025.04.11"]
[Round "4.196"]
[White "Schouten, Ken Ronny"]
[Black "Akason, Aevar"]
[WhiteElo "1550"]
[BlackElo "1612"]
[Result "1-0"]
[EventDate "2025.04.09"]
[PlyCount "38"]

1. d4 d5 2. Nc3 e6 3. Bf4 Bb4 4. e3 Nf6 5. Bd3 Nbd7 6. Nf3 c5 7. O-O c4 8. Be2
Bxc3 9. bxc3 Ne4 10. h3 Nxc3 11. Qd2 Nxe2+ 12. Qxe2 h6 13. c3 O-O 14. Rab1 Nf6
15. Ne5 Ne4 16. Qg4 Qf6 17. Rfc1 a5 18. f3 Nd6 19. h4 {Unreadable} b5 {} 1-0

[Event "38th Reykjavik op"]
[Site "Reykjavik ISL"]
[Date "2025.04.12"]
[Round "5.68"]
[White "Weersing, Abigail R"]
[Black "Schreidl, Michael"]
[WhiteElo "2069"]
[BlackElo "1949"]
[Result "1-0"]
[EventDate "2025.04.09"]
[PlyCount "57"]

1. d4 e6 2. c4 Bb4+ 3. Nc3 b6 4. Qc2 Bb7 5. e4 f5 6. exf5 Nf6 7. fxe6 O-O 8.
Bg5 Qe8 9. Bxf6 Rxf6 10. O-O-O Bxc3 11. Qxc3 Rxf2 12. Qg3 Rf6 13. Qxc7 Be4 14.
Nf3 dxe6 15. Qe5 Qg6 16. Qg5 Qe8 17. Qe3 Bxf3 18. gxf3 Qc6 19. Bd3 Na6 20. Qe4
Rc8 21. Qxh7+ Kf7 22. Rhg1 Rg8 23. Rg6 Kf8 24. Rxf6+ gxf6 25. Qe4 Qd7 26. Qh4
Kf7 27. Qh7+ Rg7 28. Bg6+ Kf8 29. Qh8+ 1-0

[Event "38th Reykjavik op"]
[Site "Reykjavik ISL"]
[Date "2025.04.12"]
[Round "5.102"]
[White "Arruebarrena Rodriguez, Rafael"]
[Black "Woods, Yannick"]
[WhiteElo "2129"]
[BlackElo "1979"]
[Result "1/2-1/2"]
[EventDate "2025.04.09"]
[PlyCount "73"]

1. e4 e5 2. Nf3 Nc6 3. Bb5 a6 4. Ba4 Nf6 5. O-O b5 6. Bb3 Bb7 7. d3 Be7 8. Nc3
O-O 9. a3 d6 10. Bg5 Na5 11. Ba2 c5 12. b4 Nc6 13. Bxf6 Bxf6 14. Nd5 Bc8 15. c3
a5 16. a4 bxa4 17. Nxf6+ Qxf6 18. Bd5 Bb7 19. bxc5 Nd8 20. Rb1 Bxd5 21. exd5
dxc5 22. Qxa4 Qd6 23. c4 f5 24. Rfe1 Nf7 25. Rb5 Rae8 26. Qc2 g5 27. Rxa5 g4
28. Nd2 Ng5 29. Qa4 e4 30. Ra7 Qg6 31. Ra6 Qh5 32. Qc6 exd3 33. Rxe8 Qxe8 34.
Qh6 Qe1+ 35. Nf1 Ne4 36. Rg6+ hxg6 37. Qxg6+ 1/2-1/2

[Event "38th Reykjavik op"]
[Site "Reykjavik ISL"]
[Date "2025.04.12"]
[Round "5.125"]
[White "Gudbrandsson, Thor Jokull"]
[Black "Aas, Robert"]
[WhiteElo "1622"]
[BlackElo "1898"]
[Result "0-1"]
[EventDate "2025.04.09"]
[PlyCount "88"]

1. f4 d5 2. Nf3 Nf6 3. e3 c5 4. Bb5+ Bd7 5. Bxd7+ Nbxd7 6. b3 g6 7. Bb2 Bg7 8.
d3 O-O 9. O-O Qc7 10. Qe2 e6 11. g3 b5 12. a4 a6 13. Nbd2 Rac8 14. axb5 axb5
15. Ne5 Nb6 16. Ra2 Ra8 17. Rfa1 Qb7 18. Ng4 Nbd7 19. Nxf6+ Nxf6 20. g4 Rxa2
21. Rxa2 Ra8 22. Rxa8+ Qxa8 23. g5 Ne8 24. Bxg7 Nxg7 25. Nf3 Qa7 26. Kg2 Nh5
27. Qd2 b4 28. d4 Qa5 29. Ne5 Qb5 30. Qd3 Qa5 31. Kf2 Kg7 32. h4 Qc7 33. Kf3 f6
34. gxf6+ Nxf6 35. dxc5 Qxc5 36. Qd4 Qxc2 37. Nd7 Qe4+ 38. Qxe4 dxe4+ 39. Kg3
Nxd7 40. Kg4 Nf6+ 41. Kh3 h5 42. f5 gxf5 43. Kg3 Nd5 44. Kh3 Kf6 0-1

[Event "38th Reykjavik op"]
[Site "Reykjavik ISL"]
[Date "2025.04.12"]
[Round "5.128"]
[White "Eliasson, Kristjan Oern"]
[Black "Birkisson, Bjoern Holm"]
[WhiteElo "1889"]
[BlackElo "2154"]
[Result "1/2-1/2"]
[EventDate "2025.04.09"]
[PlyCount "66"]

1. d4 Nf6 2. Nc3 d5 3. Bf4 a6 4. e3 h6 5. h4 c5 6. f3 Nc6 7. Qd2 b5 8. g4 e6 9.
h5 Bd6 10. Qh2 Bxf4 11. Qxf4 Qe7 12. g5 hxg5 13. Qxg5 Bb7 14. O-O-O O-O-O 15.
Nge2 cxd4 16. Nxd4 Ne8 17. Qg4 Nxd4 18. Rxd4 f5 19. Qg3 Nf6 20. Rdh4 Rh6 21.
Be2 Rdh8 22. Qg5 Qf7 23. Bxb5 Rxh5 24. Rxh5 Rxh5 25. Rxh5 Nxh5 26. Be2 Nf6 27.
Na4 Qc7 28. Qh4 Kb8 29. Qb4 Ka7 30. Qd4+ Kb8 31. Qb4 Ka7 32. Qd4+ Kb8 33. Qb4
Ka7 1/2-1/2

[Event "38th Reykjavik op"]
[Site "Reykjavik ISL"]
[Date "2025.04.12"]
[Round "5.130"]
[White "Grose, Kameron"]
[Black "Aeschbacher, Dimitri"]
[WhiteElo "1882"]
[BlackElo "2142"]
[Result "0-1"]
[EventDate "2025.04.09"]
[PlyCount "131"]

1. e4 e5 2. Nf3 Nc6 3. Nc3 Nf6 4. a3 a6 5. d4 Bd6 6. Bg5 h6 7. Bh4 exd4 8. Nxd4
Be5 9. Nxc6 bxc6 10. Bc4 O-O 11. O-O Qe7 12. Kh1 Bxc3 13. bxc3 Qxe4 14. Bxf6
Qxc4 15. Bd4 c5 16. Be3 d6 17. Qd2 Bb7 18. f4 f5 19. Rab1 Be4 20. h3 Rae8 21.
Rf2 Rf7 22. Re2 Rfe7 23. Bg1 Kh7 24. Kh2 Bc6 25. Rxe7 Rxe7 26. Be3 Re8 27. Re1
Qa4 28. Qc1 Re6 29. Bf2 Rxe1 30. Bxe1 Be4 31. Bd2 Bxc2 32. h4 Be4 33. Be3 Qc4
34. Qd2 Qf1 35. h5 Qa1 36. Qf2 Qxc3 37. Qg3 Qf6 38. Qf2 Bc6 39. Bc1 Qf7 40. Qe2
Bb5 41. Qf3 Be8 42. Qc3 Qxh5+ 43. Kg1 Bc6 44. Bb2 Qg4 45. Qd2 Be4 46. Bc3 h5
47. Ba5 c6 48. Bc7 d5 49. Bd6 c4 50. Bc5 c3 51. Qf2 c2 52. Be3 d4 53. Bd2 d3
54. Kh2 c5 55. g3 Qd1 56. Be1 d2 57. Kh3 Qg4+ 58. Kh2 d1=B 59. Bd2 Bdf3 60.
Qxc5 Bg2 61. Qc4 Qd1 62. g4 h4 63. Be1 Qxe1 64. g5 c1=B 65. Qg8+ Kxg8 66. g6
0-1

[Event "38th Reykjavik op"]
[Site "Reykjavik ISL"]
[Date "2025.04.12"]
[Round "5.142"]
[White "Wadelek, Karol"]
[Black "Muskens, Mink"]
[WhiteElo "1979"]
[BlackElo "1841"]
[Result "0-1"]
[EventDate "2025.04.09"]
[PlyCount "54"]

1. e4 c5 2. Nf3 d6 3. d4 cxd4 4. Nxd4 Nf6 5. Nc3 a6 6. h3 e5 7. Nde2 h5 8. Bg5
Be7 9. Bxf6 Bxf6 10. Qd3 Nc6 11. O-O-O O-O 12. Nd5 Be6 13. Kb1 Rc8 14. Qf3 Bxd5
15. exd5 e4 16. Qe3 Nb4 17. c3 Nd3 18. f4 Qa5 19. Nd4 Rxc3 20. Bxd3 Rxd3 21.
Qxe4 Rd2 22. Qe1 Rxd1+ 23. Qxd1 Qxd5 24. Nf3 Qf5+ 25. Ka1 Qxf4 26. Qb3 Rc8 27.
Qxb7 Qc1+ 0-1

[Event "38th Reykjavik op"]
[Site "Reykjavik ISL"]
[Date "2025.04.12"]
[Round "5.186"]
[White "Billman, Brian"]
[Black "Gulyas, Adam Ferenc"]
[WhiteElo "1561"]
[BlackElo "1722"]
[Result "0-1"]
[EventDate "2025.04.09"]
[PlyCount "82"]

1. d4 Nf6 2. c4 g6 3. Nc3 d5 4. h3 Bg7 5. Nf3 O-O 6. Bg5 Ne4 7. Bf4 Nxc3 8.
bxc3 c5 9. e3 Nc6 10. Qb3 dxc4 11. Bxc4 Na5 12. Qa4 Nxc4 13. Qxc4 cxd4 14. exd4
Be6 15. Qb4 Bd5 16. Ke2 Re8 17. Rhd1 b5 18. Qb2 Qc8 19. Ne1 Bc4+ 20. Nd3 Qf5
21. Be3 e5 22. g4 Qe4 23. f3 Qd5 24. Kf2 exd4 25. Bxd4 Bxd4+ 26. cxd4 h5 27. a3
Qd6 28. Ne5 f6 29. Nxc4 bxc4 30. Kg2 Re3 31. Re1 Rb3 32. Qe2 Qd5 33. Qe6+ Qxe6
34. Rxe6 Rc8 35. Rxf6 c3 36. Rc1 c2 37. Kg3 Rb1 38. Rxc2 Rxc2 39. Kf4 Re2 40.
Ra6 Rb5 41. h4 Rd5 0-1

[Event "38th Reykjavik op"]
[Site "Reykjavik ISL"]
[Date "2025.04.13"]
[Round "7.50"]
[White "Gunnarsson, Jon Viktor"]
[Black "Liu, Meng"]
[WhiteElo "2439"]
[BlackElo "2079"]
[Result "1-0"]
[EventDate "2025.04.09"]
[PlyCount "129"]

1. e4 c5 2. Nf3 d6 3. d4 cxd4 4. Nxd4 Nf6 5. Nc3 a6 6. Rg1 e5 7. Nb3 Be6 8. g4
d5 9. exd5 Nxd5 10. Nxd5 Qxd5 11. Qxd5 Bxd5 12. Be3 Nc6 13. O-O-O O-O-O 14. Bb6
Rd6 15. g5 Be6 16. Bg2 h6 17. h4 hxg5 18. Rxd6 Bxd6 19. hxg5 Rh2 20. c3 Ne7 21.
Nc5 Bxc5 22. Bxc5 Nd5 23. Bxd5 Bxd5 24. g6 fxg6 25. Rxg6 Rh6 26. Rxg7 Bxa2 27.
Kd2 Rc6 28. Ba3 Bd5 29. Rg5 Re6 30. f4 Kd7 31. fxe5 Rh6 32. Ke3 Rh4 33. Rg6 Be6
34. Rg7+ Kc6 35. Re7 Bd5 36. Bd6 Rh3+ 37. Kf4 Rf3+ 38. Kg5 Rf7 39. Re8 Kd7 40.
Rb8 Ke6 41. Rh8 Kd7 42. b4 Be6 43. Kg6 Bd5 44. Rh4 Be6 45. Rh8 Bd5 46. Rb8 Rf3
47. c4 Bxc4 48. Rxb7+ Kc6 49. Rb8 Rf1 50. Rc8+ Kd5 51. Rc5+ Kd4 52. Rc7 Be6 53.
Rc5 Bg4 54. Kg7 Rg1 55. Kh6 Rf1 56. Be7 Rb1 57. Rc7 Be2 58. Bf6 Kd5 59. Kg7 Bb5
60. Kf7 Re1 61. Rc5+ Kd4 62. e6+ Kd3 63. e7 Bd7 64. Rd5+ Kc4 65. Rxd7 1-0

[Event "38th Reykjavik op"]
[Site "Reykjavik ISL"]
[Date "2025.04.13"]
[Round "7.51"]
[White "Omarsson, Adam"]
[Black "Licznerski, Lukasz"]
[WhiteElo "2072"]
[BlackElo "2436"]
[Result "1/2-1/2"]
[EventDate "2025.04.09"]
[PlyCount "133"]

1. d4 Nf6 2. c4 g6 3. Nc3 Bg7 4. e4 d6 5. Nf3 O-O 6. Be2 e5 7. O-O Nc6 8. d5
Ne7 9. b4 Ne8 10. c5 a5 11. Ba3 axb4 12. Bxb4 dxc5 13. Bxc5 Nd6 14. Nd2 f5 15.
f3 Bd7 16. Nc4 Nec8 17. a4 Nxc4 18. Bxc4 Nd6 19. Qb3 b6 20. Be3 Qh4 21. Bd3 Bh6
22. Bxh6 Qxh6 23. Rfe1 f4 24. Bb5 Qg7 25. Bxd7 Qxd7 26. Nb5 Ra5 27. Nxd6 Qxd6
28. Rec1 Rc5 29. Rc4 Ra8 30. Rac1 Raa5 31. Kf2 Kf8 32. Ke2 Rxc4 33. Rxc4 Rc5
34. Kd3 Rxc4 35. Qxc4 Ke7 36. Qc3 Kd7 37. Qc4 Qa3+ 38. Kc2 Kd8 39. h3 g5 40.
Qc6 Qa2+ 41. Kc3 Qa1+ 42. Kc2 Qa2+ 43. Kc3 Qa3+ 44. Kc2 h6 45. Qf6+ Kc8 46.
Qe6+ Kb8 47. Qe8+ Ka7 48. Qc6 Qe7 49. Kb3 Kb8 50. Qxh6 Qc5 51. Qh8+ Kb7 52.
Qxe5 b5 53. axb5 Qxb5+ 54. Kc3 Qc5+ 55. Kd3 Qe3+ 56. Kc4 Qe2+ 57. Kb4 Qxg2 58.
Qc3 Qxh3 59. Qc6+ Kb8 60. d6 cxd6 61. Qxd6+ Kc8 62. Qc6+ Kd8 63. Qd5+ Ke8 64.
e5 Qf5 65. Kc5 Qc8+ 66. Kb4 Qb8+ 67. Kc4 1/2-1/2

[Event "38th Reykjavik op"]
[Site "Reykjavik ISL"]
[Date "2025.04.13"]
[Round "7.62"]
[White "Martin, Nils"]
[Black "Tripathi, Pratyush"]
[WhiteElo "2181"]
[BlackElo "2011"]
[Result "0-1"]
[EventDate "2025.04.09"]
[PlyCount "222"]

1. e4 c6 2. d4 d5 3. Nd2 dxe4 4. Nxe4 Nf6 5. Nxf6+ exf6 6. c3 Bd6 7. Bd3 O-O 8.
Ne2 Re8 9. O-O Nd7 10. Ng3 Nf8 11. f4 c5 12. d5 g6 13. c4 f5 14. b3 Be7 15. Bb2
Bf6 16. Qd2 Bd7 17. Ne2 Kg7 18. g3 h5 19. Kg2 Bxb2 20. Qxb2+ Qf6 21. Qd2 Nh7
22. Ng1 Qd6 23. Nf3 Nf6 24. Qb2 Kg8 25. Ne5 Re7 26. Rfe1 Rae8 27. Re2 Nh7 28.
Rae1 Nf8 29. a3 f6 30. Nf3 Kf7 31. Kf2 a5 32. Rxe7+ Rxe7 33. Rb1 Bc8 34. Qd2 b6
35. Ne1 {[%csl Gf8]} Nd7 36. Be2 Bb7 37. Bf3 Re8 38. Nd3 Ba6 39. Qc3 Qc7 40. h3
Qd6 41. Rh1 Rh8 42. Rg1 Bb7 43. Ke2 Re8+ 44. Kf2 Rh8 45. Qc2 Ba6 46. Nb2 Re8
47. Qd2 Rh8 48. Na4 Rc8 49. Nc3 Re8 50. Rh1 Rh8 51. Ke1 h4 52. g4 fxg4 53. hxg4
g5 54. Ne4 Qxf4 55. Qxf4 gxf4 56. Nd6+ Kg7 57. a4 Ne5 58. Be4 h3 59. Ke2 Kf8
60. Bf5 h2 61. Ne4 Rh3 62. Nd2 Re3+ 63. Kf2 {[%csl Gd3]} Nd3+ 64. Bxd3 Rxd3 65.
Ke2 {[%csl Gg3]} Re3+ 66. Kf2 Rd3 67. Ke2 Re3+ 68. Kf2 Bc8 {[%csl Gg4]} 69.
Rxh2 Bxg4 {[%csl Ge3][%cal Gf2e2]} 70. Kf1 Bd1 71. Rh8+ Ke7 72. Rb8 {[%csl Gd8]
} Bxb3 73. Rb7+ Kd8 74. Rxb6 Bxa4 75. Ra6 Bc2 76. Rxa5 Bd3+ 77. Kf2 Re2+ 78.
Kf3 Rxd2 79. Rxc5 Rc2 80. Rc6 f5 81. Kxf4 Bxc4 82. Kxf5 Kd7 83. Kf4 Rc1 84. Kg3
Rg1+ 85. Kf2 Rg4 86. Ke3 Bxd5 87. Rh6 Be6 88. Kd3 Kd6 89. Rh5 Bd5 90. Rh8 Kc5
91. Ke3 Re4+ 92. Kd3 Re6 93. Rc8+ Kd6 94. Kd4 Re4+ 95. Kd3 Ra4 96. Rh8 Kc5 97.
Ke3 Ra3+ 98. Kf4 Kd4 99. Re8 Ra1 100. Kg5 Rf1 101. Kg4 Be4 102. Rd8+ Ke3 103.
Kg5 Rf5+ 104. Kh6 Kf4 105. Kg7 Kg5 {[%csl Gf6]} 106. Rd1 Bd5 107. Rd3 Rf7+ 108.
Kg8 Rd7+ 109. Kf8 Kf6 110. Ke8 Rd6 111. Rd2 Bc6+ 0-1

[Event "38th Reykjavik op"]
[Site "Reykjavik ISL"]
[Date "2025.04.13"]
[Round "7.63"]
[White "Mannion, Stephen"]
[Black "Skettos, Nicolas"]
[WhiteElo "2180"]
[BlackElo "1983"]
[Result "1/2-1/2"]
[EventDate "2025.04.09"]
[PlyCount "49"]

1. e4 e6 2. d4 d5 3. Nd2 c5 4. Ngf3 cxd4 5. Nxd4 Nf6 6. exd5 Nxd5 7. N2f3 Bb4+
8. Bd2 O-O 9. Bxb4 Nxb4 10. c3 Nd5 11. Bc4 b6 12. O-O Bb7 13. Re1 Nc6 14. Nxc6
Bxc6 15. Ne5 Bb7 16. Qg4 Qe7 17. Rad1 Rad8 18. Bd3 g6 19. h4 Qf6 20. g3 Kg7 21.
h5 Ne7 22. f4 Nf5 23. Kh2 Rd6 24. Qe2 Rfd8 25. Ng4 1/2-1/2

[Event "38th Reykjavik op"]
[Site "Reykjavik ISL"]
[Date "2025.04.13"]
[Round "7.64"]
[White "Gudmundsson, Gunnar Erik"]
[Black "Savidge, Daniel"]
[WhiteElo "2018"]
[BlackElo "2180"]
[Result "0-1"]
[EventDate "2025.04.09"]
[PlyCount "133"]

1. d4 e6 2. c4 f5 3. g3 Nf6 4. Bg2 Be7 5. Nf3 d5 6. O-O Ne4 7. Ne5 Nd7 8. b3
Bf6 9. Bb2 O-O 10. Nd2 c6 11. Nxe4 dxe4 12. f3 exf3 13. Bxf3 Qb6 14. Kh1 Rd8
15. Qc2 Nxe5 16. dxe5 Bg5 17. Rad1 Bd7 18. c5 Qa5 19. a3 Be8 20. b4 Qb5 21. e3
Qa6 22. Be2 b5 23. cxb6 Qxb6 24. Bd4 c5 25. bxc5 Bc6+ 26. Bf3 Bxf3+ 27. Rxf3
Qc6 28. Qg2 Qa4 29. Qe2 Bxe3 30. Rxe3 Rxd4 31. Red3 Rxd3 32. Rxd3 Rb8 33. Rc3
Qc6+ 34. Qf3 Rb1+ 35. Kg2 Rb2+ 36. Kf1 Qxf3+ 37. Rxf3 Rc2 38. Rb3 Rxc5 39. Rb8+
Kf7 40. Rb7+ Kg6 41. Rxa7 Rxe5 42. Kf2 Re4 43. Rb7 Rc4 44. Rb2 Kg5 45. h3 Ra4
46. Rb7 Kf6 47. Rb3 g5 48. Kg2 h5 49. Kf2 h4 50. Kg2 Rf4 51. gxh4 gxh4 52. Rb2
e5 53. Ra2 Ra4 54. Kf3 Ke6 55. Ke3 f4+ 56. Kf3 Kf5 57. Kf2 e4 58. Ra1 f3 59.
Ke3 Ke5 60. Ra2 Rc4 61. a4 Rc3+ 62. Kd2 Rd3+ 63. Ke1 Kf4 64. a5 e3 65. Ra1 e2
66. Kf2 Rd1 67. Ra4+ 0-1

[Event "38th Reykjavik op"]
[Site "Reykjavik ISL"]
[Date "2025.04.13"]
[Round "7.69"]
[White "Eedle, Eric F"]
[Black "Aeschbacher, Dimitri"]
[WhiteElo "1972"]
[BlackElo "2142"]
[Result "1/2-1/2"]
[EventDate "2025.04.09"]
[PlyCount "100"]

1. d4 Nf6 2. c4 e6 3. Nc3 Bb4 4. f3 d5 5. a3 Bxc3+ 6. bxc3 c6 7. cxd5 exd5 8.
e3 Bf5 9. Ne2 Nbd7 10. Ng3 Bg6 11. Bd3 h5 12. Bxg6 fxg6 13. Qd3 Kf7 14. O-O h4
15. Nh1 Re8 16. e4 dxe4 17. fxe4 Nc5 18. Qc4+ Ne6 19. e5 b5 20. Qa2 Qd5 21.
Qxd5 cxd5 22. exf6 gxf6 23. Bd2 Kg7 24. Nf2 Nf8 25. Rae1 Nd7 26. Nd3 Nb6 27.
Nc5 Nc4 28. Bc1 Rac8 29. Kf2 Kf7 30. Rxe8 Rxe8 31. Re1 Rxe1 32. Kxe1 g5 33. a4
bxa4 34. Nxa4 Kg6 35. Ke2 f5 36. Kf3 Kf6 37. g4 hxg3 38. hxg3 Kg6 39. g4 f4 40.
Bxf4 gxf4 41. Kxf4 Kf6 42. g5+ Kg6 43. Nc5 Nb2 44. Ke5 Nd1 45. Kxd5 Nxc3+ 46.
Kc4 Nd1 47. Kb5 Kxg5 48. Ka6 Nc3 49. Kxa7 Nb5+ 50. Kb6 Nxd4 1/2-1/2